Quiz - Spider-man - Statistiques

Statistiques générales
  • Ce quiz a été pris 2 068 fois
  • Le résultat moyen est 24 sur 50
Statistiques - réponses
% Correct
L'identité secrète de Spider-man. Peter Parker
99%
Le nom de sa tante. May
95%
Le nom de son oncle. Ben
92%
Le nom de la femme avec qui il devait se marier. Mary-Jane Watson
91%
Le nom de sa petite amie, tuée par un de ses ennemis. Gwen Stacy
84%
Meilleur ami, fils de l'ennemi juré. Harry Osborn
84%
L'acteur l'ayant incarné dans la trilogie de John Watts. Tom Holland
82%
L'acteur l'ayant incarné dans la duologie de Marc Webb. Andrew Garfield
78%
Ennemi ayant un planeur et une panoplie de gadgets sur le thème d'Halloween. Bouffon Vert
76%
Ennemi pourvu de quatre tentacules robotiques. Dr. Octopus
76%
Harceleur du héros au lycée. Flash Thompson
72%
L'acteur l'ayant incarné dans la trilogie de Sam Raimi. Tobey Maguire
72%
Ennemi d'origine extraterrestre ayant copié ses pouvoirs. Venom
72%
Ennemi pouvant maîtriser la foudre. Electro
67%
Ennemi maître de l'illusion, disposant d'un casque en cristal. Mysterio
62%
Ennemi s'étant fait muté pour faire repousser son bras. Lézard
61%
Spider-Man afro-américain. Miles Morales
60%
-> Equipe de super-héros que Spider-Man a quitté à cause du précédant. Avengers
58%
Spider-Man porcin, moqué par les Simpson. Spider-Cochon/Spider-Ham
58%
Directeur du journal Daily Bugle. J. Jonah Jameson
57%
Adjectif anglais associé au super-héros dans cette duologie. Amazing
56%
Meilleur ami de Spider-Man dans le Marvel Cinematic Universe et semi-identité du Super-Bouffon dans les comics. Ned Leeds
56%
Ennemi capable de voler et ayant le nom d'un rapace. Vautour
56%
Ennemi doté de plus de muscles que de cerveau, inspiré d'un animal africain. Rhino
53%
Autre super-héros de Marvel tourné autour d'un insecte. Ant-Man
51%
Ennemi habillé d'une peau de lion. Kraven le chasseur
51%
Premier film d'apparition dans le Marvel Cinematic Universe. Captain America : Civil War
49%
Film d'animation mettant en scène une intrigue du multivers. Spider-man : New Generations
45%
Anti-héros brisant le quatrième mur ayant une série de comics crossover avec Spider-man. Deadpool
44%
Avocat aveugle et allié récurent. Daredevil
43%
Ennemi ayant eu le droit à une adaptation cinématographique avec Jared Leto. Morbius
37%
Voix française récurrente du personnage. Donald Reignoux
36%
Président rencontré par Spider-Man dans l'histoire "Spidey meets the President !" Barack Obama
35%
-> Acteur incarnant le précédant. Ryan Reynolds
34%
Ennemi commun avec le précédent, chef de la mafia de New York. Caïd
29%
Acteur incarné le précédent (2 possibilités). Ben Affleck/Charlie Cox
26%
Ennemi ayant fait partie à la fois des Sinister 6 et des Avengers. Homme-Sable
26%
Ennemi pouvant contrôler le bien et le mal d'une personne. Mr Negative
26%
Equivalent du diable dans l'univers de Spider-Man, ayant échangé la résurrection de la tante du héros contre son mariage. Mephisto
22%
Ennemie étant, dans certaines histoires, amoureuse de Spider-man. Chatte noire
20%
Equipe de super-héros que Spider-Man veut rejoindre dès l'obtention de ses pouvoirs. Les 4 Fantastiques
20%
Premier réel ennemi que Spider-man ait affronté. Caméléon
18%
Jeu où il combat, au côté d'autres personnages Marvel, des personnages de jeu vidéo comme Ryu, Chris Redfield ou encore Dante. Marvel vs. Capcom
17%
Spider-Woman Sud-coréenne, de son vrai nom Cindy Moon. Silk
17%
Clone de Spider-Man, étant devenu Scarlet Spider. Ben Reilly
16%
Ennemi adepte du clonage. Chacal
14%
Kaiju qu'il a rencontré lors d'un crossover avec les Nouveaux Vengeurs. Godzilla
14%
Titre français de la première série animée dédiée au super-héros. L'Araignée
8%
Spider-girl d'origine sud-américaine, de son vrai nom Anya Corazon. Arana
3%
Pseudonyme du fils de ce dernier. Rose
3%
Aucun quiz correspondant
Distribution des résultats
% des personnes avec chaque résultat
Percentile par nombre de réponses
Votre historique - résultats
Vous n’avez pas pris ce quiz